000 00288nam a22001337a 4500
008 170607b xxu||||| |||| 00| 0 eng d
020 _a0830410899
041 _aeng
080 _a32
100 _a18
101 _aSHP
245 _aPOLITICS INTRUDUCTION
_cDYKE.V..V
942 _2udc
_cBK
999 _c16294
_d16294